<?xml version="1.0" encoding="UTF-8"?><?xml-stylesheet type="text/xsl" href="static/style.xsl"?><OAI-PMH xmlns="http://www.openarchives.org/OAI/2.0/" xmlns:xsi="http://www.w3.org/2001/XMLSchema-instance" xsi:schemaLocation="http://www.openarchives.org/OAI/2.0/ http://www.openarchives.org/OAI/2.0/OAI-PMH.xsd"><responseDate>2026-04-14T16:52:16Z</responseDate><request verb="GetRecord" identifier="oai:uvadoc.uva.es:10324/24403" metadataPrefix="marc">https://uvadoc.uva.es/oai/request</request><GetRecord><record><header><identifier>oai:uvadoc.uva.es:10324/24403</identifier><datestamp>2021-06-29T16:59:03Z</datestamp><setSpec>com_10324_38</setSpec><setSpec>col_10324_852</setSpec></header><metadata><record xmlns="http://www.loc.gov/MARC21/slim" xmlns:doc="http://www.lyncode.com/xoai" xmlns:xsi="http://www.w3.org/2001/XMLSchema-instance" xmlns:dcterms="http://purl.org/dc/terms/" xsi:schemaLocation="http://www.loc.gov/MARC21/slim http://www.loc.gov/standards/marcxml/schema/MARC21slim.xsd">
<leader>00925njm 22002777a 4500</leader>
<datafield tag="042" ind1=" " ind2=" ">
<subfield code="a">dc</subfield>
</datafield>
<datafield tag="720" ind1=" " ind2=" ">
<subfield code="a">Junquera Alonso, Eduardo</subfield>
<subfield code="e">author</subfield>
</datafield>
<datafield tag="720" ind1=" " ind2=" ">
<subfield code="a">Fernández Domínguez, Juan Manuel</subfield>
<subfield code="e">author</subfield>
</datafield>
<datafield tag="260" ind1=" " ind2=" ">
<subfield code="c">2017</subfield>
</datafield>
<datafield tag="520" ind1=" " ind2=" ">
<subfield code="a">La parada cardiorrespiratoria (PCR) es uno de los principales motivos de morbimortalidad en nuestra sociedad.&#xd;
Objetivos: Conocer la evolución del conocimiento, formación y actitud sobre reanimación cardiopulmonar (RCP) básica y avanzada entre los alumnos de la Facultad de Medicina de la Universidad de Valladolid.&#xd;
Material y métodos: Estudio descriptivo transversal basado en un cuestionario. Criterios inclusión: Alumnos de 1º de medicina matriculados en Anatomía Humana I, de 3º de medicina matriculados en PMQ-I y de 6º de medicina matriculados en Prácticas Tuteladas de Clínica Pediátrica, excluyendo a los que la cursan en Burgos, Soria y Palencia, que al inicio del curso 2016-2017 respondieron a un cuestionario autoadministrado en la Facultad de Medicina de Valladolid. Variables: edad, sexo y respuestas sobre conocimientos, actitud y habilidades relacionadas con la RCP. Comparación de variables cualitativas mediante Chi-cuadrado. Significación: p&lt; 0.05. Análisis estadístico: SPSS 20.0.</subfield>
</datafield>
<datafield tag="024" ind2=" " ind1="8">
<subfield code="a">http://uvadoc.uva.es/handle/10324/24403</subfield>
</datafield>
<datafield tag="245" ind1="0" ind2="0">
<subfield code="a">Valoración de la evolución en conocimientos de reanimación cardiopulmonar entre los estudiantes de medicina de la Facultad de Medicina de la Universidad de Valladolid</subfield>
</datafield>
</record></metadata></record></GetRecord></OAI-PMH>